| 000 | 01589cad a22003135a 4500 | ||
|---|---|---|---|
| 001 | L154796 | ||
| 008 | 120119s2011 xxk f 000 0 eng d | ||
| 020 | _a9780853284666 | ||
| 035 | _a(Sirsi) u154796 | ||
| 041 | 0 | _aeng | |
| 100 | 1 | _aScanlon, Kath | |
| 245 | 0 | 0 |
_aTowards a sustainable private rented sector _bthe lessons learnt from other countries _h[electronic resource] |
| 260 |
_aLondon _bLSE _c2011 |
||
| 505 | 2 | _aIntroduction-- The need for a sustainable private rented sector--Private renting in other countries--The private rented sector in Germany--The private rented sector in the Netherlands--The private rented sector in the United States--The private rented sector in Denmark--The private rented sector in Ireland--The private rented sector in France-conclusions --The implications for the UK | |
| 520 | _aOutlines the findings of a series of seminars held at the London School of Economics looking at sustainability issues in the private rented sector in the UK, Germany, Netherlands, United States, Denmark, Ireland and France. | ||
| 590 | _aKA | ||
| 651 | 4 | _aUnited Kingdom | |
| 651 |
_aGermany _y1990- |
||
| 651 | 4 | _aNetherlands | |
| 651 | 4 |
_aUnited States _y1959- |
|
| 651 | 4 | _aDenmark | |
| 651 | _aIreland (Island of) | ||
| 651 | 4 | _aFrance | |
| 690 |
_aResidential property _96266 |
||
| 690 |
_aSustainability _96271 |
||
| 700 | 1 | _aKochan, Ben | |
| 856 | 4 | 0 |
_uhttps://www2.lse.ac.uk/geographyAndEnvironment/research/london/events/HEIF/HEIF4b_10-11%20-newlondonenv/prslaunch/Book.pdf _zView the item free of charge at www.www2.lse.ac.uk |
| 942 | _n0 | ||
| 999 |
_c113160 _d113160 |
||